| 000 | 00551nac a22001811u 4500 | ||
|---|---|---|---|
| 020 | _a8121906288 | ||
| 082 |
_a621 _bKHU |
||
| 090 |
_c9686 _d9686 |
||
| 100 | _aKhurmi, R. S. | ||
| 245 |
_aMchanical engineering/ _cR. S. Khurmi & J. K. Gupta |
||
| 260 |
_aNew Delhi: _bEurasia Publishing House,1989 _c1989 |
||
| 300 |
_a526p.: _bill.; _c20 cm. |
||
| 500 | _adistributer: Al-Ahram | ||
| 511 | _acatalogued by: wessam | ||
| 650 | _aMechanical engineering | ||
| 700 | _aGupta, J. K. | ||
| 942 |
_cNB _k621KHU |
||
| 999 |
_c9686 _d9686 |
||